| 000 | 00818nam a2200169Ia 4500 | ||
|---|---|---|---|
| 008 | 100122s9999 xx 000 0 und d | ||
| 082 |
_b62996 _a954.01 |
||
| 100 | _aथत्ते अच्युत | ||
| 245 | _aप्राचीन भारतातील विज्ञान आणि तंत्रज्ञान (क. क्र. 30/2 ) | ||
| 260 |
_bविज्ञान भारती _c2003 |
||
| 300 | _a115 | ||
| 520 | _aविज्ञान | ||
| 620 | _aविज्ञान | ||
| 630 | _aप्राचीन भारतातील विज्ञान आणि तंत्रज्ञान (क. क्र. 30/2 ) | ||
| 730 | _aप्राचीन भारतातील विज्ञान आणि तंत्रज्ञान (क. क्र. 30/2 ) | ||
| 942 | _cBOOK | ||
| 999 |
_c437229 _d437226 |
||